| 000 | 00743nam a22002177a 4500 | ||
|---|---|---|---|
| 999 |
_c11984 _d11984 |
||
| 003 | AR-CdUCM | ||
| 008 | 190401b ||||| |||| 00| 0 spa d | ||
| 040 |
_aMUNICIPALIDAD PROVINCIAL DEL CUSCO _cBIBLIOTECA MUNICIPAL DEL CUSCO |
||
| 082 |
_aEP / 372.48 / _bZ35 |
||
| 100 |
_aZapata Santillana, Everardo _927530 |
||
| 245 | _aFábulas universales / | ||
| 260 |
_aLima : _bCoquito, |
||
| 300 |
_a126 páginas ; _bimágenes. _c21 cm. |
||
| 505 | _aContenido: El pastor mentiroso -- El mono y el cerdo -- Las ranas y los toros -- La inocencia -- El lobito sabihondo ... | ||
| 650 |
_aFábulas _94606 |
||
| 650 |
_aCuentos. _9217 |
||
| 650 |
_aLecturas. _96094 |
||
| 650 |
_aComprensión lectora. _94534 |
||
| 942 |
_2ddc _cLIBROS |
||
| 945 | _arum | ||